[Event "Tiroler Einzelmeisterschaft 2017 Senioren II S65+"]
[Site "Jenbach"]
[Date "2017.05.19"]
[Round "1"]
[White "Rossmair Hermann"]
[Black "Pfister Erich"]
[Result "1-0"]
[BlackElo "1632"]
[EventDate "2017.05.19"]
[WhiteElo "1697"]

1. e4 e5 2. Nf3 Nc6 3. Bc4 Be7 4. d4 exd4 5. Nxd4 Nf6 6. Nc3 O-O 7. Be3 Bb4 8.
Bd3 Re8 9. f3 d5 10. O-O Bxc3 11. Nxc6 bxc6 12. bxc3 dxe4 13. fxe4 Bg4 14. Qe1
Bh5 15. Bd4 Re6 16. e5 Bg6 17. Bc4 Nd5 18. Bb3 Qe7 19. Qf2 a5 20. a3 a4 21. Ba2
Rb8 22. c4 Nb6 23. c5 Nd5 24. c4 Nb4 25. axb4 Rxb4 26. Bc3 Rb8 27. Rfd1 Qe8 28.
Qd4 f6 29. exf6 Rxf6 30. Re1 Qf8 31. Qd7 Rf7 32. Qxc6 Bc2 33. Qd5 h6 34. c6 Kh8
35. c5 Rf5 36. Qd7 Rg5 37. g3 Qxc5+ 38. Bd4 Qf8 39. Re5 Rd8 40. Rf1 Qxf1+ 41.
Kxf1 Rxd7  1-0

[Event "Tiroler Einzelmeisterschaft 2017 Gruppe B"]
[Site "Jenbach"]
[Date "2017.05.21"]
[Round "3"]
[White "Guseck Markus"]
[Black "Janes Christian"]
[Result "0-1"]
[BlackElo "1597"]
[EventDate "2017.05.21"]
[WhiteElo "1388"]

1. d4 d5 2. Bf4 Nc6 3. Nf3 e6 4. e3 Nf6 5. Nbd2 Bd6 6. Bxd6 cxd6 7. Bd3 e5 8.
dxe5 dxe5 9. e4 Bg4 10. h3 Bh5 11. g4 Bg6 12. Qe2 d4 13. Nh4 O-O 14. Nxg6 fxg6
15. O-O-O Rc8 16. a3 a6 17. Rdf1 b5 18. b4 a5 19. Bxb5 axb4 20. axb4 Nxb4 21.
Bc4+ Kh8 22. Bd3 Rc3 23. Nb3 Nxd3+ 24. Kd2 Nf4 25. Qb5 Nxe4+ 26. Kd1 Qc7 27.
Qb4 Rg8 28. Na1 Rb8 29. Qxb8+ Qxb8 30. Nb3 Qb4 31. Kc1 Qxb3  0-1

[Event "Tiroler Einzelmeisterschaft 2017 Gruppe B"]
[Site "Jenbach"]
[Date "2017.05.20"]
[Round "2"]
[White "Kuzmanovic Zeljko"]
[Black "Schranzhoher Marco"]
[Result "1-0"]
[BlackElo "1895"]
[EventDate "2017.05.20"]
[WhiteElo "1838"]

1. e4 c6 2. d4 d5 3. exd5 cxd5 4. Bd3 Nc6 5. c3 Qc7 6. Be3 Nf6 7. Nf3 Bg4 8.
Nbd2 e6 9. h3 Bh5 10. Qc2 Rc8 11. Rc1 Bd6 12. b4 Bg6 13. Nh4 Bxd3 14. Qxd3 Nxb4
15. Qb1 Nc6 16. O-O O-O 17. Bg5 Be7 18. Nhf3 Ne8 19. Bxe7 Qxe7 20. c4 Nf6 21.
Rfe1 Rfd8 22. c5 h6 23. Qb2 Rb8 24. Nh4 Rdc8 25. Nf5 Qd7 26. Nd6 Rc7 27. Nf3
Ne8 28. Ne5 Nxe5 29. dxe5 b6 30. Re3 Nxd6 31. cxd6 Rc4 32. Rxc4 dxc4 33. Qd4
Rc8 34. Rc3 Qc6 35. Qh4 a6 36. Qe7 Re8 37. Rxc4 Rxe7 38. Rxc6 Rd7 39. Rc8+ Kh7
40. Rc7 Rd8 41. Rxf7 Kg6 42. Rf3 b5 43. g4 Rc8 44. Kf1 a5 45. Ke1 Rc5 46. Kd2
Rc8 47. Rc3 Rb8 48. f4 b4 49. Rf3 a4 50. Kd3 b3 51. axb3 Rxb3+ 52. Kc2 Rxf3 53.
d7 Rf2+ 54. Kd3 a3 55. d8=Q Kh7 56. Qa5 g6 57. Ke3 Rh2 58. f5 Rxh3+ 59. Kf2
gxf5 60. gxf5 Rh5 61. Qa7+ Kh8 62. f6 Rg5 63. Qxa3 Rxe5 64. Qa8+ Kh7 65. Qa7+
Kg6 66. Qg7+ Kh5 67. f7 Rf5+ 68. Ke3 e5 69. f8=Q Rf3+ 70. Qxf3+ Kh4 71. Qgg4# 
1-0

[Event "Tiroler Einzelmeisterschaft 2017 Senioren II S65+"]
[Site "Jenbach"]
[Date "2017.05.19"]
[Round "1"]
[White "Esterhammer Helmut"]
[Black "Wichmann Bernhard"]
[Result "1/2-1/2"]
[BlackElo "1707"]
[EventDate "2017.05.19"]
[WhiteElo "1557"]

1. e4 g6 2. Nf3 Bg7 3. d4 d6 4. Nc3 a6 5. h3 b5 6. a3 Bb7 7. Bd3 Nd7 8. O-O c5
9. dxc5 Nxc5 10. Rb1 Nf6 11. Nd2 O-O 12. Qe2 Nfd7 13. Re1 Rc8 14. Nd1 e5 15.
Nf3 Nxd3 16. cxd3 h6 17. Nc3 f5 18. Qd2 Qf6 19. b4 Rc7 20. Qa2+ Kh7 21. Nd5
Bxd5 22. Qxd5 Nb6 23. Qb3 Rfc8 24. Bb2 Na4 25. Rbc1 Nxb2 26. Qxb2 Qd8 27. Nd2
d5 28. Nb3 fxe4 29. dxe4 d4 30. Nc5 Rc6 31. Nd3 Qf6 32. Rxc6 Rxc6 33. Rc1 Rc4
34. Kf1 Bf8 35. Qd2 h5 36. Rc2 Bh6 37. Qd1 Be3 38. Nb2 Rc6 39. Qc1 Rxc2 40.
Qxc2 { Engine stockfish_8_x64.exe}   1/2-1/2

[Event "Tiroler Einzelmeisterschaft 2017 - S50+"]
[Site "Jenbach"]
[Date "2017.05.20"]
[Round "2"]
[White "Kranewitter Norbert"]
[Black "Lutz Rudolf"]
[Result "1/2-1/2"]
[BlackElo "1414"]
[EventDate "2017.05.20"]
[WhiteElo "1990"]

1. e4 e5 2. Nf3 d6 3. d4 exd4 4. Nxd4 Bd7 5. Bc4 Nf6 6. Nc3 Be7 7. O-O O-O 8.
Re1 Re8 9. Bg5 Nc6 10. Nxc6 Bxc6 11. Qd2 Nd7 12. Bf4 Bf6 13. Rad1 Be5 14. Bg5
Bf6 15. Bxf6 Qxf6 16. Nd5 Bxd5 17. Qxd5 Nb6 18. Qd3 Nxc4 19. Qxc4 Re7 20. c3 b6
21. f3 a5 22. Qd4 Qxd4+ 23. cxd4 Rc8 24. d5 Kf8 25. Rc1 Ke8 26. Rc6 f6 27. Rec1
Kd7 28. Kf2 Kd8 29. Ke3 Kd7 30. Kd4 Kd8 31. Kc4 g6 32. Kb5 Ra8 33. R1c4 Ra7 34.
Ra4 f5 35. Rcc4 Kd7 36. b4 fxe4 37. Rxe4 Re5 38. Rxe5 dxe5 39. bxa5 bxa5 40.
Rxa5 Rb7+ 41. Kc4 Rb2 42. g4 Rxh2 43. Kd3 Kd6 44. a4 Rb2 45. Ke3 Rb3+ 46. Ke4 
1/2-1/2